| 000 | 01044nam a22002417a 4500 | ||
|---|---|---|---|
| 005 | 20170512103415.0 | ||
| 010 | _a1617EN ENG-116989 | ||
| 020 |
_a9789381950333 _c1595.00 |
||
| 035 | _aEN-100521 | ||
| 035 | _aB-647585-596 | ||
| 035 | _aB-667788 | ||
| 037 |
_bLitereri Circle _aDPL |
||
| 037 |
_bDBAD/PUB _aDPL |
||
| 082 | _a423 | ||
| 100 | _aKhandelwal, N | ||
| 245 |
_aEnglish Synonyms and Antonyms / _cby N. Khandelwal |
||
| 260 |
_aJaipur _bSankalp Prakashan _c2015 |
||
| 270 |
_a467, Badayon ka Chowk, Govind Rao ji ka Rasta, Chandople Bazar _bJaipur _e302001 |
||
| 300 |
_a336p. _c22cm(Hb) |
||
| 942 |
_2ddc _cEN _h423 _mKHA |
||
| 999 |
_c102229 _d102229 |
||